000 00447nam a2200145Ia 4500
008 200924s9999 xx 000 0 und d
020 _a978-036-72-4721-8
100 _aNagle, Thomas T.
245 _cThomas T. Nagle, Georg Muller
_aThe Strategy and tactics of pricing:
_ba guide to growing more profitably/
250 _a6th ed.
260 _aNY:
_bRoutledge
_c2018
300 _axx, 331 pages
_c25 cm.
650 _aMarketing
650 _aPricing
999 _c364470
_d364470